|
|
|
|
| LEADER |
00000nam a2200000 a 4500 |
| 001 |
vtls001280989 |
| 003 |
SK-MaSNL |
| 005 |
20260301234817.0 |
| 008 |
160414s1996 xo b y 0 eng |
| 015 |
|
|
|a SNBE1997/0200381
|
| 020 |
|
|
|a 8096762605
|
| 035 |
|
|
|a SNK000232388
|
| 040 |
|
|
|a SNK
|b slo
|c SNK
|e AACR2
|
| 041 |
0 |
|
|a eng
|
| 044 |
|
|
|a xo
|c SK
|
| 080 |
|
|
|a 75.071.1(083.9)=20
|2 1981
|
| 080 |
|
|
|a 929 Boďa, Miloš
|2 1981
|
| 245 |
1 |
|
|a Miloš Boďa
|c photo Martin Marenčin
|
| 260 |
|
|
|a [Bratislava
|b Peter Popelka]
|c c1996
|
| 300 |
|
|
|a [28] s.
|b fareb. fotogr.
|c 21x24 cm
|
| 600 |
1 |
7 |
|a Boďa, Miloš,
|d 1953-
|2 SNK
|9 20820
|
| 655 |
|
7 |
|a katalógy
|2 SNK
|9 60821
|
| 700 |
1 |
|
|a Marenčin, Martin,
|d 1956-
|4 fot
|9 90522
|
| 852 |
|
|
|a Akadémia umení v Banskej Bystrici
|
| 919 |
|
|
|a 80-967626-0-5
|
| 958 |
|
|
|a TL
|
| 958 |
|
|
|a BQ
|
| 999 |
|
|
|c 971996
|d 973926
|
| 952 |
|
|
|t P60, <09>, [BOOK], {629}
|a SNK
|b SNK
|y NEVYP
|7 0
|o snkC 727
|i snk1337/970401
|0 0
|1 0
|4 0
|d 1997-03-26
|l 0
|r 2005-01-02 00:00:00
|w 2026-02-24
|
| 952 |
|
|
|t P60, <04>, [BOOK], {604}
|a SNK
|b SNK
|y VYP
|7 0
|p 17A0055043
|o snkOSC 18845 D1
|i snkKSP 3114/97
|0 0
|1 0
|4 0
|d 1997-03-26
|l 0
|r 2005-01-02 00:00:00
|w 2026-02-24
|
| 952 |
|
|
|t P60, <03>, [BOOK], {603}
|a SNK
|b SNK
|y PREZ
|7 0
|p 17A0055044
|o snkOSC 18845
|i snkKSP 3113/97
|0 0
|1 0
|4 0
|d 1997-03-26
|l 0
|r 2005-01-02 00:00:00
|w 2026-02-24
|